000 00453nam a2200169 i 4500
001 bg
100 1 _aBARWICZ, Wiesław
245 0 _aWiązka elektronowa w przemyśle /
_cW.Barwicz.
260 _aWarszawa,
_c1989.
490 1 _aBiblioteka Inżynierii Mechanika
830 _aBiblioteka Inżynierii Mechanika
040 _cBPK
041 _apol
080 _a621.791/.795+621.78:539.19
942 _cKS
008 s pl f |000 0 pol
999 _c29034
_d29034
856 _uhttp://koha.tu.koszalin.pl/cgi-bin/koha/opac-detail.pl?biblionumber=29034
_yKatalog online BPK